000 00493nam a2200169 i 4500
001 83884
003 ES-MaACL
005 20251011063115.0
007 t|
008 041118s1935 sp ||||1| spa d
100 0 _aJaén, Antonio,
_d1879-1964
_965898
245 1 0 _aLecturas históricas
_b: (iniciación) /
_cAntonio Jaén Morente.
260 _aMadrid :
_b[s.n.],
_c1935 (
_fSalvador Quevedo)
300 _a302 p. ;
_c21 cm.
852 _aES-MaACL
_jA-4021
999 _c83884
_d83884